000 00566nam a22001937a 4500
005 20251108175549.0
008 250721s9999 xx 000 0 ara d
082 1 4 _aط/923.9/سلي
100 1 _aسليمان، صبحي
245 1 0 _aمشاهير الرحالة العرب /
264 1 _aالقاهرة :
_bالعالمية للكتب والنشر،
300 _a50ص.
650 1 7 _aالتراجم
650 1 7 _aالجغرافيون
650 1 7 _aالرحاله
653 _aناشئون صغار(10-14) سنة
942 _2ddc
_cBK
999 _c137083
_d137083